000 00308nam a22001457a 4500
008 210429b ||||| |||| 00| 0 eng d
020 _a0520059069
041 _aeng
080 _a37
082 _a37
100 _a46
101 _aEDU
245 _aThe State of the Language
_cRick,Ch
942 _2udc
_cBK
999 _c56984
_d56984